000 00558nam a2200181 i 4500
001 55603
003 ES-MaACL
005 20230906163158.0
007 t|
008 030923s1966 sp ||||1| spa d
100 1 _aDeschepper, R.
_943853
245 1 3 _aEl magnetófono y sus aplicaciones /
_cR. Deschepper, Ch. Dartevelle ; [traducción de L. Ibáñez].
260 _aBarcelona :
_bMarcombo,
_c[1966]
300 _a88 p. :
_bil. ;
_c22 cm.
700 1 _aDartevelle, Ch.
_942760
700 1 _aIbáñez, Luis.
_964909
852 _aES-MaACL
_jC-32384
_bR.62986
999 _c55603
_d55603